000 00867nam a22003017a 4500
001 107
003 FISKH
005 20230227151300.0
008 230227b cb ||||| |||| 00| 0 eng d
022 _29780545175852
040 _aDLC
_cDLC
_dDLC
_dFISKH
_beng
042 _alcac
050 0 0 _aPZ7.R982
_bSn 2008
082 0 0 _a813.6
_222
100 1 _aRylant, Cynthia.
245 1 0 _aSnow /
_cCynthia Rylant ; illustrated by Lauren Stringer.
250 _a1st ed.
260 _aNew York
_bScholastic
_c2008
300 _a16 leaves of plates
_bcoll ill. ;
_c28 cm.
505 _aG
520 _aCelebrates the beauty of a snowfall and its happy effects on children.
521 8 _a400
_bLexile
521 8 _aG
_bRaz-Plus
650 1 _aSnow
_vFiction.
700 1 _aStringer, Lauren,
_eill.
906 _a7
_bcbc
_corignew
_d1
_eecip
_f20
_gy-gencatlg
942 _2ddc
_cBK
_n0
999 _c107
_d107